Finančné trhy pre začiatočníkov

Klasifikácia bankových úverov. Ostatné bankové operácie. Platobný styk a zúčtovanie. Úschovné operácie bánk.

Enregistré dans:
Détails bibliographiques
Auteur principal: Pilch, Ctibor, 1957-
Format: Chapitre de livre
Langue:slovaque
Sujets:
Tags: Ajouter un tag
Pas de tags, Soyez le premier à ajouter un tag!

MARC

LEADER 00000nla$a2200000$$$4500
001 0045075
005 20240502071524.9
041 0 |a slo 
044 |a SK 
245 1 0 |a Finančné trhy pre začiatočníkov  |c Ctibor Pilch 
520 |a Klasifikácia bankových úverov. Ostatné bankové operácie. Platobný styk a zúčtovanie. Úschovné operácie bánk. 
610 2 0 |a pojmy 
610 2 0 |a trh finančný 
610 2 0 |a úver 
610 2 0 |a úver bankový 
610 2 0 |a úver krátkodobý 
610 2 0 |a operácie bankové 
100 1 |a Pilch, Ctibor, 1957-